000
00236nam a22000857a 4500
008
160712b xxu||||| |||| 00| 0 eng d
100
_9
2684
_a
Balasubramanian, T
245
_a
Sound Patterns for the Phonetician
260
_a
Madras
_b
T.R.
_c
1992
999
_c
2334
_d
2334